Discursos sobre la primera década de Tito Livio

שמור ב:
מידע ביבליוגרפי
מחבר ראשי: Maquiavelo, Nicolás (autor)
פורמט: ספר
שפה:ספרדית
יצא לאור: Madrid Alianza 2015
מהדורה:3a. ed
סדרה:Ciencias Sociales
נושאים:
תגים: הוספת תג
אין תגיות, היה/י הראשונ/ה לתייג את הרשומה!

MARC

LEADER 00000cam a2200000 a 4500
001 UCC9386
003 CL-VaPUC
005 20210923074625.0
008 190927e20150000sp |||||||||||||||||spa|d
020 |a 9788491041320 
040 |c Pontificia Universidad Católica de Valparaíso 
082 0 4 |a 320.01  |b MAQ  |2 21 
100 |a Maquiavelo, Nicolás  |e autor  |9 498654 
245 1 0 |a Discursos sobre la primera década de Tito Livio 
250 |a 3a. ed 
260 |a Madrid  |b Alianza  |c 2015 
300 |a 509 p 
490 0 |a Ciencias Sociales 
583 |a last modification  |c 20190927 15:31:00  |k Rodrigo Vera 
650 0 |a Ciencias Políticas  |9 255201 
650 7 |a FILOSOFIA POLITICA  |2 CL-VaPUC  |9 604428 
650 0 |a Etica política   |9 255799 
942 |c BK 
945 |d 20190927 15:31:00  |a dcastane 
999 |c 375567  |d 375565 
952 |0 0  |1 0  |3 erb  |4 0  |6 320_010000000000000_MAQ_2015  |7 0  |8 ?  |9 494573  |a BIBEDU  |b BIBEDU  |i 5561396  |o 320.01 MAQ 2015  |p 5561396  |r 2019-11-24  |w 2019-11-24  |y BK  |z Catalogado en:20190927  |k FIL